[Event "Ille et Vilaine-ch 1112"]
[Site "Ile et Vilaine"]
[Date "2012.03.03"]
[Round "6.24"]
[White "Martin, Michel"]
[Black "Danet, Claude"]
[Result "0-1"]
[WhiteElo "1250"]
[BlackElo "1620"]
[PlyCount "86"]
[EventDate "2012.10.??"]
[EventType "swiss"]
[EventRounds "7"]
[EventCountry "FRA"]
[SourceTitle "EXT 2014"]
[Source "ChessBase"]
[SourceDate "2013.11.20"]
[SourceVersion "1"]
[SourceVersionDate "2013.11.20"]
[SourceQuality "1"]

1. e4 c5 2. Nc3 Nc6 3. Nf3 d6 4. Bb5 Bd7 5. d4 cxd4 6. Nxd4 g6 7. Nxc6 bxc6 8. Bc4 Bg7 9. Bd2 Nf6 10. f3 0-0 11. Bg5 Rb8 12. Qc1 Qb6 13. b3 Rfe8 14. Na4 Qc7 15. 0-0 d5 16. Bf4 e5 17. Bxe5 Qxe5 18. exd5 cxd5 19. Bd3 Bxa4 20. bxa4 Nd7 21. c3 Qxc3 22. Qxc3 Bxc3 23. Rad1 Red8 24. Bc2 d4 25. Rd3 Nc5 26. Rdd1 Rb2 27. Bb1 Nxa4 28. Be4 Rxa2 29. Rb1 Rb2 30. Ra1 Rb4 31. Bd3 Bxa1 32. Rxa1 Nc5 33. Bf1 d3 34. Ra2 d2 35. Be2 d1Q+ 36. Bxd1 Rxd1+ 37. Kf2 Rdb1 38. Ra5 R4b2+ 39. Kg3 Ne6 40. Rxa7 Rg1 41. f4 Rbxg2+ 42. Kh3 Nxf4+ 43. Kh4 Rg4# 0-1

[Event "Ille et Vilaine-ch 1112"]
[Site "Ile et Vilaine"]
[Date "2012.01.28"]
[Round "5.23"]
[White "Brault, Maxime"]
[Black "Martin, Michel"]
[Result "1-0"]
[WhiteElo "1500"]
[BlackElo "1250"]
[PlyCount "31"]
[EventDate "2012.10.??"]
[EventType "swiss"]
[EventRounds "7"]
[EventCountry "FRA"]
[SourceTitle "EXT 2014"]
[Source "ChessBase"]
[SourceDate "2013.11.20"]
[SourceVersion "1"]
[SourceVersionDate "2013.11.20"]
[SourceQuality "1"]

1. e4 e6 2. d4 Nf6 3. Nd2 c5 4. c3 Nc6 5. Ngf3 d5 6. e5 Nd7 7. Bb5 Na5 8. 0-0 Qb6 9. Bd3 cxd4 10. cxd4 Bb4 11. Qc2 0-0 12. Bxh7+ Kh8 13. a3 Bxd2 14. Bxd2 Nc4 15. Bb4 Rd8 16. Ng5 1-0

[Event "Ille et Vilaine-ch 1112"]
[Site "Ile et Vilaine"]
[Date "2011.12.03"]
[Round "3.16"]
[White "Martin, Michel"]
[Black "Brault, David"]
[Result "0-1"]
[WhiteElo "1250"]
[BlackElo "1519"]
[PlyCount "50"]
[EventDate "2012.10.??"]
[EventType "swiss"]
[EventRounds "7"]
[EventCountry "FRA"]
[SourceTitle "EXT 2014"]
[Source "ChessBase"]
[SourceDate "2013.11.20"]
[SourceVersion "1"]
[SourceVersionDate "2013.11.20"]
[SourceQuality "1"]

1. e4 e6 2. Nc3 d5 3. d4 c5 4. Nf3 Qb6 5. exd5 Nf6 6. Bc4 Be7 7. a3 cxd4 8. Nxd4 Bc5 9. Na4 Qd6 10. Nxc5 Qxc5 11. Bb5+ Nbd7 12. b4 Qc3+ 13. Bd2 Qxd4 14. dxe6 Qe5+ 15. Be3 Qxb5 16. Qd4 Qc6 17. exd7+ Bxd7 18. Qe5+ Be6 19. Rd1 0-0 20. f3 Qxc2 21. 0-0 Rfe8 22. Rc1 Qg6 23. Kh1 Bc4 24. Qc7 Bxf1 25. Rxf1 Rxe3 0-1